|
|
|
|
| LEADER |
01274nam a2200265 i 4500 |
| 001 |
10079158 |
| 003 |
GR-PaULI |
| 005 |
20210117202103.0 |
| 008 |
090916s1983 f gre |
| 040 |
|
|
|a GR-PaULI
|c GR-PaULI
|b gre
|e AACR2
|
| 041 |
1 |
|
|a gre
|h spa
|
| 082 |
0 |
4 |
|a 863.64
|2 23
|
| 100 |
1 |
|
|a Cortazar, Julio,
|9 79757
|d 1914-1984
|e συγγραφέας
|
| 245 |
1 |
0 |
|a Οκτάεδρο /
|c Χούλιο Κορτάσαρ ; μετάφραση Τάσος Δενέγρης.
|
| 260 |
|
|
|a Αθήνα
|b Υψιλον/ Βιβλία,
|c 1983.
|
| 300 |
|
|
|a 138 σ. ;
|c 17 εκ.
|
| 490 |
1 |
|
|a Λογοτεχνία / Εψιλον/Βιβλία
|
| 700 |
1 |
|
|9 4806
|a Δενέγρης, Τάσος Γ.,
|d 1934-2009
|e συγγραφέας
|
| 765 |
0 |
8 |
|i Μετάφραση του:
|t Octaedro
|
| 830 |
|
0 |
|9 164961
|a Λόγοτεχνία (Ύψιλον/Βιβλία)
|
| 942 |
|
|
|2 ddc
|c BK15
|
| 952 |
|
|
|0 0
|1 0
|4 0
|6 863_640000000000000_COR
|7 0
|9 82446
|a LTRT
|b LTRT
|d 2016-04-24
|i 008554
|l 0
|o 863.64 COR
|p 025000179765
|r 2016-04-24 00:00:00
|t 1
|v 2016.00
|w 2016-04-24
|y BK15
|
| 952 |
|
|
|0 0
|1 0
|2 ddc
|4 0
|6 863_640000000000000_COR
|7 0
|9 216528
|a LISP
|b LISP
|c DON
|d 2017-10-20
|e ΒΑΛ
|i 127949
|l 0
|o 863.64 COR
|p 025000246985
|r 2017-10-20 00:00:00
|t 2
|v 2017.00
|w 2017-10-20
|y BK15
|
| 998 |
|
|
|c ΣΑΤΛΑΝΗΣ
|d 2017-10
|
| 999 |
|
|
|c 54977
|d 54977
|